Responses for show #6870 - Friday, June 27, 2014

Contestants

Sunil Hari, a Navy flight surgeon originally from West Chester, Ohio

Jill Rowley, a flight attendant from Baltimore, Maryland

Jennifer Blanton, an attorney from San Diego, California (whose 3-day cash winnings total $57,000)

Jeopardy! Round responses

ANCIENT ROME
THE BAND THAT MADE ME FAMOUS
ON THE CORPORATE WEBPAGE
FINISH THE SEUSS LINE
THE FEMALE PERSUASION
THE "OOD" LIFE
    $200 19
Romulus

Jennifer
    $200 15
Guns N' Roses

Jennifer
    $200 16
Mercury

Jennifer
    $200 2
Sam-I-am

Jennifer
    $200 1
Lincoln

Sunil
    $200 20
Neighborhood

Sunil
    $400 27
daily

Jill
    $400 14
Red Hot Chili Peppers

Jennifer
    $400 17
Comcast

Sunil
    $400 5
how small

Jennifer
    $400 3
Delilah

Jennifer
    $400 23
understood

Sunil
    $600 28
volcanoes

Sunil
    $600 13
The Smiths

Sunil
    $600 18
Virgin

Jill
    $600 10
(Jennifer: What is the beast?)

the roast beast

JenniferSunil
    $600 4
Lady Macbeth

Jill
    $600 24
goodwill

Sunil
    $800 29
(Jennifer: What is the ... [time's up buzzer sounds] [*]?)

the Tiber

JenniferSunil
    $800 12
New Edition

Sunil
    $3,000 21
(Sunil: What is Prudential?)

Merrill Lynch

Sunil
    $800 9
Mulberry Street

Jill
    $800 6
Alexandra

Jennifer
    $800 25
a woodpecker

Jennifer
    $1000 30
pater familias

Sunil
    $1000 11
The Roots

Sunil
    $1000 22
Yum!

Jennifer
    $1000 8
I ran the zoo

Jill
    $1000 7
Salome

Sunil
    $1000 26
(Jennifer: What is Bombay?)

Bollywood

JenniferSunil

Scores at the first commercial break (after clue 15):

Jennifer Jill Sunil
$1,800 $2,400 $4,200

Scores at the end of the Jeopardy! Round:

Jennifer Jill Sunil
$2,200 $3,400 $6,200

Double Jeopardy! Round responses

IT'S AN EXPERIMENT
IN THE "ZONE"
DUAL BIOGRAPHIES
FILMS OF THE 1920s
FURNITURE
ALTERED STATES
(Alex: We want you to identify the state we have anagrammed.)
    $400 9
tuberculosis

Sunil
    $400 6
the Panama Canal Zone

Jill
    $400 14
Benedict Arnold

Jennifer
    $400 18
(Jill: Who are Abbot & Costello?)
(Sunil: Who are Laurel & Hardy?)
...
(Alex: Remember, this is the 1920s--[*].)

the Marx Brothers

JillSunil
Triple Stumper
    $400 20
flowers/plants (trees accepted)

Jennifer
    $400 1
(Alex: That's the state!)

Idaho

Jill
    $800 12
rain

Jennifer
    $800 7
The Friend Zone

Sunil
    $800 15
(Sunil: Who is Sitting Bull?)
...
(Alex: Who is [*], the warrior.)

Crazy Horse

Sunil
Triple Stumper
    $800 18
The Jazz Singer

Jennifer
    $800 21
a table

Jill
    $800 2
Delaware

Sunil
    $1200 13
(Sunil: Who is Edison?)
...
(Alex: [*]--he's the one.)

(Alexander Graham) Bell

JillSunil
    $1200 8
a demilitarized zone

Jennifer
    $1200 16
Anarchy

Jennifer
    $1200 19
(Jennifer: Who is Errol Flynn?)
(Sunil: Who is Valentino?)

Douglas Fairbanks

JenniferSunil
Triple Stumper
    $1200 24
Barcalounger

Sunil
    $1200 3
New Hampshire

Jennifer
    $1,000 27
rabbits

Jill
    $1600 10
The Twilight Zone

Sunil
    $1600 22
(Aristotle) Onassis

Sunil
    $1600 29
Charlie Chaplin

Sunil
    $1600 25
(Jill: What are couches?)
(Sunil: What are tables?)
...
(Alex: They weren't couches--they were just [*].)

chairs

JillSunil
Triple Stumper
    $1600 4
Massachusetts

Jennifer
    $2000 28
(Alex: Took place at [*].)

Stanford University

Triple Stumper
    $2000 11
(Sunil: What's the equatorial zone?)
(Alex: All right, we'll give you more specific on that.)
(Sunil: What's the intra-equatorial zone?)

the tropical zone

Sunil
Triple Stumper
    $1,200 23
(Sunil: Who are George Washington Carver and...I don't know...)
(Alex: Well, you got one of them. The other is Booker T. Washington, so they share the name Washington.)

George Washington Carver & Booker T. Washington

Sunil
    $2000 30
Metropolis

Sunil
    $2000 26
bed

Jill
    $2000 5
(Jennifer: What is Mississippi?)

North Carolina

JenniferSunil

Scores at the end of the Double Jeopardy! Round:

Jennifer Jill Sunil
$6,600 $7,200 $9,800

[wagering suggestions for these scores]

Final Jeopardy! Round responses

BRITISH AUTHORS
(Alex: [To Jill] Who is [*]?--the Hercule Poirot stories.)
JenniferWho is Virginia Woolf?
$3,201
JillWho is Agatha Christie?
$5,001
SunilWho is Sylvia Plath?
$1,000
Agatha Christie

Final scores:

Jennifer Jill Sunil
$3,399 $12,201 $8,800
3rd place: $1,000 New champion: $12,201 2nd place: $2,000

Game dynamics:

Coryat scores:

Jennifer Jill Sunil
$6,600 $7,800 $14,000
18 R,
5 W
11 R
(including 1 DD),
2 W
23 R,
8 W
(including 2 DDs)

Combined Coryat: $28,400

The J! Archive is created by fans, for fans. The Jeopardy! game show and all elements thereof, including but not limited to copyright and trademark thereto, are the property of Jeopardy Productions, Inc. and are protected under law. This website is not affiliated with, sponsored by, or operated by Jeopardy Productions, Inc. Join the discussion at JBoard.tv.